|
|
|
|
| LEADER |
00000cam a22000004a 4500 |
| 001 |
musev2_8196 |
| 003 |
MdBmJHUP |
| 005 |
20230905040929.0 |
| 006 |
m o d |
| 007 |
cr||||||||nn|n |
| 008 |
051103s2006 hiu o 00 0 eng d |
| 010 |
|
|
|z 2005032153
|
| 020 |
|
|
|a 9780824864439
|
| 020 |
|
|
|z 9780824829742
|
| 020 |
|
|
|z 0824864433
|
| 035 |
|
|
|a (OCoLC)607747073
|
| 040 |
|
|
|a MdBmJHUP
|c MdBmJHUP
|
| 043 |
|
|
|a a-ja---
|
| 050 |
0 |
4 |
|a PL726.65
|b .G23 2006
|
| 082 |
0 |
|
|a 895.6/09382
|2 22
|
| 100 |
1 |
|
|a Gabriel, Philip,
|d 1953-
|
| 245 |
1 |
0 |
|a Spirit Matters :
|b The Transcendant in Modern Japanese Literature /
|c Philip Gabriel.
|
| 264 |
|
1 |
|a Honolulu :
|b University of Hawai'i Press,
|c 2006.
|
| 264 |
|
3 |
|a Baltimore, Md. :
|b Project MUSE,
|c 2012
|
| 264 |
|
4 |
|c ©2006.
|
| 300 |
|
|
|a 1 online resource.
|
| 336 |
|
|
|a text
|b txt
|2 rdacontent
|
| 337 |
|
|
|a computer
|b c
|2 rdamedia
|
| 338 |
|
|
|a online resource
|b cr
|2 rdacarrier
|
| 504 |
|
|
|a Includes bibliographical references (p. 193-199) and index.
|
| 505 |
0 |
|
|a ch. 1. The frozen soul: sin and forgiveness in Miura Ayako's Freezing point -- ch. 2. The Seed must fall: two tales of self-sacrifice -- ch. 3. Aum, underground, and Murakami Haruki's Other side -- ch. 4. Literature of the soul: Ōe Kenzaburō's Somersault.
|
| 588 |
|
|
|a Description based on print version record.
|
| 650 |
|
0 |
|a Religion and literature.
|
| 650 |
|
0 |
|a Japanese literature
|y Heisei period, 1989-
|x History and criticism.
|
| 650 |
|
0 |
|a Japanese literature
|y Shōwa period, 1926-1989
|x History and criticism.
|
| 655 |
|
7 |
|a Electronic books.
|2 local
|
| 710 |
2 |
|
|a Project Muse.
|e distributor
|
| 830 |
|
0 |
|a Book collections on Project MUSE.
|
| 856 |
4 |
0 |
|z Texto completo
|u https://projectmuse.uam.elogim.com/book/8196/
|
| 945 |
|
|
|a Project MUSE - Custom Collection
|
| 945 |
|
|
|a Project MUSE - Archive Complete Foundation
|
| 945 |
|
|
|a Project MUSE - Archive Literature Foundation
|
| 945 |
|
|
|a Project MUSE - Archive Asian and Pacific Studies Foundation
|